000 00758cam a22002415a 4500
001 19399889
005 20171119114700.0
008 161207s2017 ilu 000 0 eng
020 _a9781939418913
040 _aDLC
_beng
_cDLC
_dEG-ScBUE
082 0 4 _222
_a378.1662
_bGRE
245 0 0 _aGre prep by Magoosh /
_c[edited by] Amanda Ronan.
260 _aHighland Park :
_bWriters of the Round Table,
_cc.2017.
300 _axvi, 448 p. :
_bill. ;
_c24 cm.
650 7 _2BUEsh
_920956
_aGraduate Record Examination
_vStudy guides.
651 _2BUEsh
653 _bGGEN
_cNovember2017
655 _vReading book
_934232
700 1 _aRonan, Amanda,
_eeditor.
906 _a0
_bibc
_corignew
_d2
_eepcn
_f20
_gy-gencatlg
942 _2ddc
999 _c25608
_d25580